000 00338nam a2200133Ia 4500
008 240624s9999 xx 000 0 und d
041 _aeng
082 _a332.12 HAW
100 _aHAWKES VALERIE
245 _aACT COMPANION TO TREASURY MANAGEMENT
260 _c1999
_aBoston
_bWoodhead Publishing
300 _a192 : p.
365 _cBPS
_b25
999 _c20214
_d20214